| 000 | 00745nam0a22002531 4500 | ||
|---|---|---|---|
| 001 | rc\4753485 | ||
| 005 | 20250630144515.0 | ||
| 021 |
_aRU _b[64-45466] |
||
| 035 | _a(NLR Aleph) 009012177 | ||
| 090 |
_a9374799 _c9374799 |
||
| 100 | _a20130417d1964 |||y0rusy50 ca | ||
| 101 | 0 | _arus | |
| 102 | _aRU | ||
| 105 | _ay z ||||| | ||
| 200 | 1 | _aРешение государственного арбитража | |
| 210 |
_aМосква _cЮрид. лит. _d1964 |
||
| 215 |
_a149 с. _d20 |
||
| 606 |
_aАрбитраж государственный _2psbo |
||
| 700 | 1 |
_aЛогинов _bП.В. _gПетр Васильевич |
|
| 801 | 0 |
_aRU _bNLR _gpsbo |
|
| 801 | 1 |
_aRU _bELAR _2rusmarc |
|
| 852 |
_aNLR _j64-3/3705 |
||
| 942 | _cBOOK | ||
| 980 | _aNB | ||